| Tag |
First Indicator |
Second Indicator |
Subfields |
| LEADER |
00000cgm a2200000Mi 4500 |
| 001 |
in00005515513 |
| 006 |
m o c |
| 007 |
vz |za||| |
| 007 |
cr |za|||||||| |
| 008 |
160203r20162004enk039 f o vleng d |
| 005 |
20241105203009.2 |
| 035 |
|
|
|a (OCoLC)on1001600424
|
| 040 |
|
|
|a SGPBL
|b eng
|e rda
|e pn
|c SGPBL
|d OCLCO
|d OCLCF
|d U3W
|d NRC
|d OCLCQ
|d OCLCO
|d OCLCA
|d OCLCO
|
| 020 |
|
|
|a 9781506334639
|q (streaming video)
|
| 020 |
|
|
|a 1506334636
|
| 035 |
|
|
|a (OCoLC)1001600424
|
| 041 |
0 |
|
|j eng
|
| 050 |
|
4 |
|a HD62.25
|
| 082 |
0 |
4 |
|a 338.7
|2 23
|
| 049 |
|
|
|a TXAM
|
| 245 |
0 |
0 |
|a Split ends /
|c produced and directed by Veronica Clifford.
|
| 264 |
|
1 |
|a London, United Kingdom :
|b [SAGE Publications Ltd.],
|c [2016]
|
| 300 |
|
|
|a 1 online resource (1 video file (39 min., 50 sec.)) :
|b sound, colour
|
| 336 |
|
|
|a two-dimensional moving image
|b tdi
|2 rdacontent
|
| 337 |
|
|
|a computer
|b c
|2 rdamedia
|
| 338 |
|
|
|a online resource
|b cr
|2 rdacarrier
|
| 490 |
1 |
|
|a I'll show them who's boss. Series 2 ;
|v 5
|
| 500 |
|
|
|a Previously issued: London: BBC, 2004.
|
| 511 |
0 |
|
|a Interviewees, Tony Rizzo, Ozzie Rizzo, Ricci Rizzo; practitioner, Gerry Robinson; narrator, Jenny Seagrove.
|
| 520 |
8 |
|
|a Sir Gerry Robinson is sent to help Sanrizz, a family owned business of hair salons. The three brothers who own Sanrizz want to expand the business, but they can not agree on an expansion plan. Robinson tries to get them to stop the partnership, but when they say no, he suggests franchising.
|
| 521 |
|
|
|a Specialized.
|
| 546 |
|
|
|a Closed-captions in English.
|
| 588 |
0 |
|
|a Online resource; title from home page (viewed on February 15, 2016).
|
| 650 |
|
0 |
|a Family-owned business enterprises
|v Case studies.
|
| 650 |
|
6 |
|a Entreprises familiales
|v Études de cas.
|
| 650 |
|
7 |
|a Family-owned business enterprises.
|2 fast
|0 (OCoLC)fst00920575
|
| 655 |
|
7 |
|a Case studies.
|2 fast
|0 (OCoLC)fst01423765
|
| 655 |
|
7 |
|a Internet videos.
|2 fast
|0 (OCoLC)fst01750214
|
| 655 |
|
7 |
|a Nonfiction television programs.
|2 fast
|0 (OCoLC)fst01710270
|
| 655 |
|
7 |
|a Nonfiction television programs.
|2 lcgft
|
| 655 |
|
7 |
|a Internet videos.
|2 lcgft
|
| 655 |
|
7 |
|a Émissions télévisées autres que de fiction.
|2 rvmgf
|
| 655 |
|
7 |
|a Vidéos sur Internet.
|2 rvmgf
|
| 700 |
1 |
|
|a Rizzo, Tony,
|e interviewee.
|
| 700 |
1 |
|
|a Rizzo, Ozzie,
|e interviewee.
|
| 700 |
1 |
|
|a Rizzo, Ricci,
|e interviewee.
|
| 700 |
1 |
|
|a Robinson, Gerry,
|e consultant.
|
| 700 |
1 |
|
|a Seagrove, Jenny,
|e narrator.
|
| 700 |
1 |
|
|a Clifford, Veronica,
|e television producer,
|e television director.
|
| 710 |
2 |
|
|a British Broadcasting Corporation,
|e production company.
|
| 830 |
|
0 |
|a I'll show them who's boss. Series 2 ;
|v 5.
|
| 856 |
4 |
0 |
|u http://proxy.library.tamu.edu/login?url=https://sk.sagepub.com/video/split-ends
|z Connect to this streaming video
|t 0
|
| 955 |
|
|
|a SAGE Knowledge Video Business and Management 2019
|
| 955 |
|
|
|a SAGE Video Business and Management
|
| 994 |
|
|
|a 92
|b TXA
|
| 999 |
f |
f |
|s 91723332-b0af-4b9a-916b-cfea3847db86
|i b3ad0bab-c9d9-44e7-bca1-4b3431eb831f
|t 0
|
| 952 |
f |
f |
|a Texas A&M University
|b College Station
|c Electronic Resources
|d Available Online
|t 0
|e HD62.25
|h Library of Congress classification
|
| 998 |
f |
f |
|a HD62.25
|t 0
|l Available Online
|